Central Library OPAC University of Rajshahi

Introduction to risk management and insurance / (Record no. 60715)

MARC details
000 -LEADER
fixed length control field 01757nam a2200325 a 4500
001 - CONTROL NUMBER
control field 60715
003 - CONTROL NUMBER IDENTIFIER
rucl marc code BD-RjUL
005 - DATE AND TIME OF LATEST TRANSACTION
control field 20211209080856.0
008 - FIXED-LENGTH DATA ELEMENTS--GENERAL INFORMATION
fixed length control field 170102s2005 njua 001 0 eng d
020 ## - INTERNATIONAL STANDARD BOOK NUMBER
International Standard Book Number 8129711230
035 ## - SYSTEM CONTROL NUMBER
System control number (BD-RjUL)60839
System control number (OCoLC)ocm53356657
System control number (DLC) 2003064699
System control number (NNC)4860756
040 ## - CATALOGING SOURCE
Original cataloging agency DLC
Transcribing agency DLC
Modifying agency DLC
-- OrLoB-B
Language of cataloging eng
041 ## - LANGUAGE CODE
Language code of text/sound track or separate title eng
082 00 - DEWEY DECIMAL CLASSIFICATION NUMBER
Classification number 368
Edition number 23
Author mark and year DOI 2005
100 1# - MAIN ENTRY--PERSONAL NAME
Personal name Dorfman, Mark S.,
Dates associated with a name 1945-
9 (RLIN) 180893
245 10 - TITLE STATEMENT
Title Introduction to risk management and insurance /
Statement of responsibility, etc. Mark S. Dorfman.
250 ## - EDITION STATEMENT
Edition statement 8th ed.
260 ## - PUBLICATION, DISTRIBUTION, ETC. (IMPRINT)
Place of publication, distribution, etc. Upper Saddle River, N.J. :
Name of publisher, distributor, etc. Pearson Prentice Hall,
Date of publication, distribution, etc. c2005.
300 ## - PHYSICAL DESCRIPTION
Pagination xxix, 575 p. :
Illustrations ill. ;
Size 27 cm.
500 ## - GENERAL NOTE
General note Includes index.
505 00 - FORMATTED CONTENTS NOTE
Title Fundamentals and terminology --
-- Defining the insurable event --
-- Risk management --
-- Insurance companies --
-- Insurance occupations --
-- The insurance market : the economic problem --
-- Insurance regulation --
-- Insurance contracts --
-- Basic property and liability insurance contracts --
-- Homeowners insurance --
-- The personal auto policy --
-- Professional financial planning --
-- Life insurance policies --
-- Annuities --
-- Medical expense and disability income insurance --
-- Standard life insurance contract provisions and options --
-- Advanced topics in risk management --
-- Commercial property insurance --
-- General liability insurance --
-- Special liability insurance --
-- Bonding, crime insurance, and reinsurance --
-- Employee benefits --
-- Social security --
-- Unemployment and workers' compensation insurance.
650 #0 - SUBJECT ADDED ENTRY--TOPICAL TERM
Topical term or geographic name as entry element Insurance.
9 (RLIN) 176032
Topical term or geographic name as entry element Risk (Insurance)
9 (RLIN) 173729
Topical term or geographic name as entry element Risk management.
9 (RLIN) 179939
942 ## - ADDED ENTRY ELEMENTS (KOHA)
Source of classification or shelving scheme Dewey Decimal Classification
Koha item type Books
Holdings
Lost status Source of classification or shelving scheme Damaged status Not for loan Collection code Permanent Location Current Location Shelving location Date acquired Source of acquisition Cost, normal purchase price Total Checkouts Full call number Date last seen Copy number Koha item type
  Dewey Decimal Classification   Not For Loan Non-fiction Central Library, University of Rajshahi Central Library, University of Rajshahi Reading Room 28/05/2008 Paragogn Enterprise, Dhaka 380.00   368 DOI 2005 02/01/2017 C-1 Books